000 00186 a2200097 4500
020 _a9802570265
041 _aspa
100 _aMorella Fuenmayor
245 _aLa pajara Pinta
942 _cK
999 _c28813
_d28813